| 000 | 00597nam a2200217 a 4500 | ||
|---|---|---|---|
| 005 | 20230307063608.0 | ||
| 008 | 991125n 000 0 spa u | ||
| 035 | _aUPN01000063091 | ||
| 100 | 1 |
_aFerreiro, Emilia, _d1937- _930158 |
|
| 222 | _aEDUCACION ESPECIAL | ||
| 245 | _aLa adquisición de la lecto-escritura como proceso cognitivo | ||
| 300 | _a3-6 | ||
| 362 | 0 | _a1981 Año 2, vol. 1, no. 8, abr. supl. | |
| 653 | 0 | _aESCRITURA | |
| 653 | 0 | _aLECTURA | |
| 653 | 0 | _aPROCESO COGNOSCITIVO | |
| 700 | 1 | _aTeberosky, Ana, | |
| 700 | 1 | _ecoaut. | |
| 904 |
_aAC _b000902 |
||
| 905 | _aArticulo | ||
| 999 |
_c61983 _d61983 |
||